Effective motivation : (Record no. 288139)
[ view plain ]
| 000 -LEADER | |
|---|---|
| fixed length control field | 00502nam a2200145Ia 4500 |
| 008 - FIXED-LENGTH DATA ELEMENTS--GENERAL INFORMATION | |
| fixed length control field | 150610s9999 xx 000 0 und d |
| 020 ## - INTERNATIONAL STANDARD BOOK NUMBER | |
| International Standard Book Number | 9780330504218 (pbk.) |
| 050 ## - LIBRARY OF CONGRESS CALL NUMBER | |
| Classification number | HF 5549.5. |
| Item number | .M63 .Ad33 2009 |
| 100 ## - MAIN ENTRY--PERSONAL NAME | |
| Personal name | Adair, John Eric, 1934- |
| 245 ## - TITLE STATEMENT | |
| Title | Effective motivation : |
| Remainder of title | how to get the best results from everyone / |
| Statement of responsibility, etc | John Adair. |
| 250 ## - EDITION STATEMENT | |
| Edition statement | New rev. ed. |
| 260 ## - PUBLICATION, DISTRIBUTION, ETC. (IMPRINT) | |
| Place of publication, distribution, etc | New York : |
| Name of publisher, distributor, etc | Pan Books, |
| Date of publication, distribution, etc | 2009. |
| 300 ## - PHYSICAL DESCRIPTION | |
| Extent | 219pages : |
| Other physical details | illustrations ; |
| Dimensions | 20 cm. |
| 520 ## - SUMMARY, ETC. | |
| Summary, etc | Employee motivation. |
| Withdrawn status | Lost status | Damaged status | Home library | Current library | Shelving location | Date acquired | Total Checkouts | Full call number | Barcode | Date last seen | Price effective from | Koha item type |
|---|---|---|---|---|---|---|---|---|---|---|---|---|
| Stonyhurst Southville International School (Batangas) | Stonyhurst Southville International School (Batangas) | 06/10/2015 | HF 5549.5.M63 .Ad33 2009 | US-1560 | 06/10/2015 | 06/10/2015 | Books |